| 000 | 01136cam a22002651i 4500 | ||
|---|---|---|---|
| 003 | SA-RiAUC | ||
| 005 | 20250210075215.0 | ||
| 008 | 250208s1979 le g b 000 0bara c | ||
| 040 |
_aSA-RiAUC _bara _cSA-RiAUC _erda |
||
| 082 | 0 | 4 |
_a928.1 _qSA-RiAUC |
| 090 |
_a928.1 _bس م ر |
||
| 100 | 1 |
_aالسمرة، محمود، _d1923- _eمؤلف. |
|
| 245 | 1 | 2 |
_aالقاضي الجرجاني : _bالأديب الناقد / _cمحمود السمرة. |
| 250 | _aالطبعة الثانية. | ||
| 264 | 1 |
_aبيروت : _bالمكتب التجاري للطباعة والتوزيع والنشر، _c1979 |
|
| 300 |
_a223 صفحة ؛ _c24 سم |
||
| 336 |
_aنص _btxt _2rdacontent _3كتاب |
||
| 337 |
_aبدون وسيط _bn _2rdamedia |
||
| 338 |
_aمجلد _bnc _2rdacarrier |
||
| 504 | _aببليوجرافية : صفحة 215-219. | ||
| 600 | 1 | 7 |
_aعبد القاهر الجرجاني، عبد القاهر بن عبد الرحمن بن محمد، _dتوفي 471 هجري _xآراء حول النحو _2aucnm |
| 650 | 7 |
_aالأدباء العرب _vتراجم _2aucsh |
|
| 942 |
_2ddc _cBOOK _n0 |
||
| 949 |
_aSA-JeALM _d250208 _uosman123 _n1 |
||
| 999 |
_c5784 _d5784 |
||